Statystyki dla Wszystkie utwory z albumu Sentino - ,,Zabójstwo Liryczne EPilog"

Kliknij tutaj aby rozwiązać quiz!

Ogólne statystyki

  • Ten quiz został rozwiązany 9 razy
  • Średni wynik to 6 z 7

Statystyki odpowiedzi

Nr.Nazwa% Poprawnych
7.Chciała być ze mną
100%
2.Big Money
86%
1.Duch mojej Ekstazy
86%
5.Helikopter nad blokiem
86%
6.Kolekcja setek masek
86%
4.Narcotic
86%
3.Marlboro i 808
71%

Rozkład punktacji

Percentyl według liczby udzielonych odpowiedzi

Procent ludzi z każdym wynikiem

Twoja historia wyników

Nie rozwiązałeś tego quizu